How to win the dilapidations battle (Record no. 76821)
[ view plain ]
| 000 -LEADER | |
|---|---|
| fixed length control field | 00804cab a2200193 4500 |
| 001 - CONTROL NUMBER | |
| control field | ##L133144 |
| 008 - FIXED-LENGTH DATA ELEMENTS--GENERAL INFORMATION | |
| fixed length control field | 060418n2006 000 0 eng u |
| 035 ## - SYSTEM CONTROL NUMBER | |
| System control number | (Sirsi) u133144 |
| 041 0# - LANGUAGE CODE | |
| Language code of text/sound track or separate title | eng |
| 100 1# - MAIN ENTRY--PERSONAL NAME | |
| Personal name | Bragg, Ian |
| 245 00 - TITLE STATEMENT | |
| Title | How to win the dilapidations battle |
| 260 ## - PUBLICATION, DISTRIBUTION, ETC. | |
| Date of publication, distribution, etc. | 2006 |
| 490 #0 - SERIES STATEMENT | |
| Series statement | Property Week |
| Volume/sequential designation | 71(15) 14 April 2006, 82-84(3) |
| 520 ## - SUMMARY, ETC. | |
| Summary, etc. | Presents a tactical guide for both landlords and tenants on how to deal with dilapidation claim procedures. This covers the presentation of relevant document, marketing strategies for landlords, lease obligations and regulations and protocol under the current UK law. |
| 590 ## - LOCAL NOTE (RLIN) | |
| Local note | IKA250406 |
| 690 ## - LOCAL SUBJECT ADDED ENTRY--TOPICAL TERM (OCLC, RLIN) | |
| Topical term or geographic name as entry element | PROPERTY-LEASEHOLD PROPERTY-LANDLORD AND TENANT-DILAPIDATIONS-DILAPIDATIONS SCHEDULES |
| 700 1# - ADDED ENTRY--PERSONAL NAME | |
| Personal name | Nash, William |
| 942 ## - ADDED ENTRY ELEMENTS (KOHA) | |
| Suppress in OPAC | 0 |
| Withdrawn status | Lost status | Source of classification or shelving scheme | Damaged status | Not for loan | Home library | Current library | Shelving location | Date acquired | Total Checkouts | Full call number | Barcode | Date last seen | Copy number | Price effective from | Koha item type |
|---|---|---|---|---|---|---|---|---|---|---|---|---|---|---|---|
| Dewey Decimal Classification | London | London | Journal article | 18/04/2006 | L133144 | 133144-1001 | 06/08/2019 | 1 | 06/08/2019 | Journal article |